LEADER 01284nam--2200397---450- 001 990001104390203316 005 20030221104332.0 010 $a0-8247-9780-9 035 $a000110439 035 $aUSA01000110439 035 $a(ALEPH)000110439USA01 035 $a000110439 100 $a20021119d1997----km-y0enga50------ba 101 0 $aeng 102 $aUS 105 $ay|||z|||001yy 200 1 $aInhalation delivery of therapeutic peptides and proteins$fedited by Akwete Lex Adjei, Pramod K. Gupta 210 $aNew York$aBasel$cM. Dekker$dcopyr. 1997 215 $aXXXII, 913 p.$d23 cm 225 2 $aLung biology in health and disease$v107 410 0$12001$aLung biology in health and disease$v107 606 0 $aProteine$xImpiego terapeutico 606 0 $aPeptidi$bImpiego terapeutico 606 0 $aAerosolterapia 676 $a615.3 700 1$aADJEI,$bAkwete Lex$0554319 801 0$aIT$bSalbc$cISBD 912 $a990001104390203316 951 $a615.3 INH$b3242 farm$c615$d00099359 959 $aBK 969 $aFAR 979 $aMARIA$b10$c20021119$lUSA01$h0959 979 $aCHIARA$b90$c20030221$lUSA01$h1043 979 $aPATRY$b90$c20040406$lUSA01$h1716 996 $aInhalation delivery of therapeutic peptides and proteins$9977594 997 $aUNISA LEADER 01502nam--2200433---450- 001 990003038650203316 005 20071221141100.0 010 $a92-825-3202-X 035 $a000303865 035 $aUSA01000303865 035 $a(ALEPH)000303865USA01 035 $a000303865 100 $a20071221d1983----km-y0itay0103----ba 101 $aita 102 $aLU 105 $a||||||||001yy 200 1 $a<> rappresentanza dei consumatori presso le Comunità europee$fCommissione delle Comunità europee 210 $aLussemburgo$cUfficio delle pubblicazioni ufficiali delle Comunità europee$d1983 215 $a40 p.$d23 cm 606 0 $aConsumatori$xAssociazioni$yEuropa 676 $a381.32 699 $a09.01$bAssociazioni dei consumatori 710 02$aCommissione europea$0333284 801 0$aIT$bsalbc$gISBD 912 $a990003038650203316 951 $aCDE 09.01 (XVII)$bCDE 1679$cCDE 09.01$d00149903 959 $aBK 969 $aCDE 979 $aMARIAS$b90$c20071221$lUSA01$h1410 979 $aMARIAS$b90$c20071221$lUSA01$h1411 979 $aMARIAS$b90$c20080221$lUSA01$h1130 979 $aMARIAS$b90$c20080221$lUSA01$h1151 979 $aMARIAS$b90$c20080221$lUSA01$h1322 979 $aMARIAS$b90$c20080703$lUSA01$h1024 979 $aMARIAS$b90$c20080703$lUSA01$h1027 979 $aMARIAS$b90$c20080703$lUSA01$h1031 979 $aBATCH-UPD$b90$c20111212$lUSA01$h1717 996 $aRappresentanza dei consumatori presso le Comunità europee$91026113 997 $aUNISA